Counties of Tennessee - Statistics

General Stats
  • This quiz has been taken 24 times
  • The average score is 43 of 95
Answer Stats
Answer % Correct
Jackson
86%
Madison
86%
Washington
86%
Davidson
71%
Jefferson
71%
Knox
71%
Rutherford
71%
Shelby
71%
Sumner
71%
Williamson
71%
Anderson
57%
Bledsoe
57%
Blount
57%
Bradley
57%
Carroll
57%
Clay
57%
Coffee
57%
Franklin
57%
Grainger
57%
Greene
57%
Hamilton
57%
Hancock
57%
Johnson
57%
Lake
57%
Lewis
57%
Lincoln
57%
McMinn
57%
Pickett
57%
Putnam
57%
Rhea
57%
Roane
57%
Robertson
57%
Scott
57%
Tipton
57%
White
57%
Wilson
57%
Benton
43%
Cannon
43%
Carter
43%
Cheatham
43%
Chester
43%
Claiborne
43%
Cocke
43%
Cumberland
43%
Decatur
43%
DeKalb
43%
Fayette
43%
Gibson
43%
Giles
43%
Henderson
43%
Humphreys
43%
Lawrence
43%
Maury
43%
Monroe
43%
Montgomery
43%
Moore
43%
Morgan
43%
Overton
43%
Perry
43%
Polk
43%
Sequatchie
43%
Smith
43%
Sullivan
43%
Trousdale
43%
Unicoi
43%
Warren
43%
Bedford
29%
Campbell
29%
Crockett
29%
Dickson
29%
Dyer
29%
Fentress
29%
Grundy
29%
Hamblen
29%
Hardeman
29%
Hardin
29%
Hawkins
29%
Haywood
29%
Henry
29%
Hickman
29%
Houston
29%
Lauderdale
29%
Loudon
29%
Macon
29%
Marion
29%
McNairy
29%
Meigs
29%
Obion
29%
Sevier
29%
Stewart
29%
Union
29%
Van Buren
29%
Wayne
29%
Weakley
29%
Marshall
14%
No matching quizzes found
Score Distribution
Percent of People with Each Score
Percentile by Number Answered
Your Score History
You have not taken this quiz